00464ntaaa2200169 45000030003000000050017000030080021000200400037000410820017000781000017000952450033001122500010001452600044001553000011001995000069002106500015002790120251027202452.00714s1973 ag 01  aAR-BaBNbspacAR-BaBNeaacrdRIC a268.4322 C77 aCook, Melva  aBible teaching for 4's - 5's a1 ed. aNashville : bConvention Press, cc1960 a150 p. aenseñanza bíblica a los niños (párvulos) de 4 y 5 años aPárvulos